Materials for high-temperature semiconductor devices / (Record no. 1897)
[ view plain ]
| 000 -LEADER | |
|---|---|
| fixed length control field | 01205nac a22002411u 4500 |
| 008 - FIXED-LENGTH DATA ELEMENTS--GENERAL INFORMATION | |
| fixed length control field | 100802t xxu||||| |||| 00| 0 eng d |
| 010 ## - LIBRARY OF CONGRESS CONTROL NUMBER | |
| LC control number | 95070760 |
| 020 ## - INTERNATIONAL STANDARD BOOK NUMBER | |
| International Standard Book Number | 0309053358 |
| 035 ## - SYSTEM CONTROL NUMBER | |
| System control number | (OCoLC)33243276 |
| 082 ## - DEWEY DECIMAL CLASSIFICATION NUMBER | |
| Classification number | 622.3385 |
| Edition number | 22 |
| Item number | MAT |
| 100 ## - MAIN ENTRY--PERSONAL NAME | |
| Personal name | 20080729 |
| 9 (RLIN) | 16971 |
| 245 00 - TITLE STATEMENT | |
| Title | Materials for high-temperature semiconductor devices / |
| Statement of responsibility, etc | Committee on Materials for High-Temperature Semiconductor Devices, National Materials Advisory Board, Commission on Engineering and Technical Systems, National Research Council. |
| 260 ## - PUBLICATION, DISTRIBUTION, ETC. (IMPRINT) | |
| Place of publication, distribution, etc | Washington, D.C. : |
| Name of publisher, distributor, etc | National Academy Press, |
| Date of publication, distribution, etc | c1995. |
| 300 ## - PHYSICAL DESCRIPTION | |
| Extent | xv, 119 p. : |
| Other physical details | ill. ; |
| Dimensions | 28 cm. |
| 500 ## - GENERAL NOTE | |
| General note | "NMAB-474." |
| 504 ## - BIBLIOGRAPHY, ETC. NOTE | |
| Bibliography, etc | Includes bibliographical references. |
| 650 #0 - SUBJECT ADDED ENTRY--TOPICAL TERM | |
| Topical term or geographic name as entry element | Semiconductors. |
| 9 (RLIN) | 16972 |
| 650 #0 - SUBJECT ADDED ENTRY--TOPICAL TERM | |
| Topical term or geographic name as entry element | Materials at high temperatures. |
| 9 (RLIN) | 16973 |
| 650 #0 - SUBJECT ADDED ENTRY--TOPICAL TERM | |
| Topical term or geographic name as entry element | Wide gap semiconductors. |
| 9 (RLIN) | 16974 |
| 710 2# - ADDED ENTRY--CORPORATE NAME | |
| Corporate name or jurisdiction name as entry element | National Research Council (U.S.). |
| Subordinate unit | Committee on Materials for High-Temperature Semiconductor Devices. |
| 9 (RLIN) | 16975 |
| 942 ## - ADDED ENTRY ELEMENTS (KOHA) | |
| Item type | Book - Borrowing |
| Call number prefix | 622.3385 MAT |
| Source of classification or shelving scheme | Dewey Decimal Classification |
| Withdrawn status | Item status | Source of classification or shelving scheme | Damaged status | Not for loan | Vendor | Home library | Current library | Shelving location | Date acquired | Source of acquisition | Total Checkouts | Full call number | Barcode | Date last seen | Cost, replacement price | Koha item type |
|---|---|---|---|---|---|---|---|---|---|---|---|---|---|---|---|---|
| Dewey Decimal Classification | Central Library | Central Library | First floor | 02/08/2010 | 622.3385 MAT | 000002363 | 15/07/2025 | 187.00 | Book - Borrowing |